00724pab a2200133 454500008003900000100002200039245003600061260000800097300001600105362001100121520040700132650001700539773003400556180718b003 xxu||||| |||| 00| 0 eng d aBanerjee, Sumanta aReconciliation without justice? c003 ap.1935-937. a17 May aThe Indo-South African Dialogue on Truth, Reconciliation and Human Rights which brought together academics and human rights activists from South Africa and India in an intimate encounter in Delhi recently raised issues that went beyond the South African experience and echoed the post-Iraq war global concerns about economic hegemony and military unilateralism in a unipolar world system. - Reproduced. aHuman rights aEconomic and Political Weekly